01247nac a22003011i 4500003000900000005001700009008004100026020001800067020001500085040004300100082002400143100004400167245010200211264005100313264001000364300002900374336002600403337002800429338002700457500011900484504005100603651004800654651006400702655001700766942001200783999001500795952013500810EG-ScBUE20230716101748.0230716t1996 nyu f b 001 0 eng d a9780748606849 a074860684X aEG-ScBUEbengerdacEG-ScBUEdEG-ScBUE04a909.097671bBOS2221 aBosworth, Clifford Edmund, eauthor.14aThe new Islamic dynasties :ba chronological and genealogical manual /cClifford Edmund Bosworth. 1aNew York :bColumbia University Press,c[1996] 4cc1996 axxvi, 389 pages ;c26 cm 2rdacontentatextbtxt 2rdamediaaunmediatedbn 2rdacarrieravolumebnc aFirst published in the United Kingdom by Edinburgh University Press, 1967, as no. 5 in the Islamic surveys series. aIncludes bibliographical references and index. 7aIslamic countriesxKings and rulers.2BUEsh 7aIslamic countriesxHistoryxHandbooks, manuals, etc.2BUEsh vReading book cBB2ddc c6911d6911 00102ddc40708AlahramaMAINbMAINc2NDd2010-12-07ePurchasel0o909.097671 BOSp000008525r2025-07-15 00:00:00w2007-12-10yBB